000 00345nam a2200145Ia 4500
008 230917s9999||||xx |||||||||||||| ||und||
040 _e78895
_aMAIN
041 _aEnglish
082 _a340 S64L
100 _aScarman
245 0 _aLaw reforms in a democratic society
260 _aNew Delhi
_bNational
_c1985
300 _a114 p.
942 _cBK
999 _c58845
_d58845